[Event "Mittelfranken-chTB2a 1819"]
[Site "Mittelfranken"]
[Date "2019.03.31"]
[Round "8.7"]
[White "Petrick, Joerg"]
[Black "Ries, Maximilian"]
[Result "0-1"]
[WhiteElo "1578"]
[BlackElo "1613"]
[PlyCount "64"]
[EventDate "2018.10.14"]
[EventType "team-tourn"]
[EventRounds "9"]
[EventCountry "GER"]
[SourceTitle "EXT 2022"]
[Source "ChessBase"]
[SourceDate "2021.10.06"]
[SourceVersion "1"]
[SourceVersionDate "2021.10.06"]
[SourceQuality "1"]
[WhiteTeam "Buechenbach/Roth II"]
[BlackTeam "Dinkelsbuehl"]
[WhiteTeamCountry "GER"]
[BlackTeamCountry "GER"]

1. e4 c5 2. Nf3 Nc6 3. d4 cxd4 4. Nxd4 d6 5. Nc3 Nf6 6. h3 a6 7. Be3 e6 8. Be2 d5 9. exd5 exd5 10. Bf3 Be6 11. 0-0 Bd6 12. Re1 0-0 13. Kh1 Qd7 14. Nxe6 fxe6 15. Qd2 Ne5 16. Be2 Rac8 17. a3 Nc4 18. Bxc4 Rxc4 19. Bg5 h6 20. Be3 Rh4 21. Rad1 Qc6 22. Bd4 Ne4 23. Nxe4 dxe4 24. Bc3 Bc5 25. Qd7 Qxd7 26. Rxd7 Rxf2 27. Rxg7+ Kf8 28. Rd1 Ke8 29. Be5 e3 30. Kh2 Re4 31. Bg3 e2 32. Re1 Rf1 0-1

[Event "Mittelfranken-chTB2b 1314"]
[Site "Mittelfranken"]
[Date "2014.02.16"]
[Round "6.7"]
[White "Petrick, Joerg"]
[Black "Wirth, Karl Heinz"]
[Result "0-1"]
[WhiteElo "1624"]
[BlackElo "1792"]
[PlyCount "44"]
[EventDate "2013.10.20"]
[EventType "team-tourn"]
[EventRounds "9"]
[EventCountry "GER"]
[SourceTitle "EXT 2020"]
[Source "ChessBase"]
[SourceDate "2019.10.17"]
[SourceVersion "1"]
[SourceVersionDate "2019.10.17"]
[SourceQuality "1"]
[WhiteTeam "Buechenbach/Roth III"]
[BlackTeam "Muehlhof/Schwabach"]
[WhiteTeamCountry "GER"]
[BlackTeamCountry "GER"]

1. e4 e5 2. Nf3 f5 3. Nc3 fxe4 4. Nxe4 d5 5. Ng3 e4 6. Nd4 Nf6 7. d3 c5 8. Nb3 exd3 9. cxd3 Bd6 10. Be2 0-0 11. 0-0 Nc6 12. Re1 Qc7 13. Be3 b6 14. d4 c4 15. Nd2 Be6 16. Bf3 b5 17. a3 Rae8 18. Ndf1 a5 19. Qc2 Qb6 20. Ne2 b4 21. Nf4 Bxf4 22. Bxf4 Nxd4 0-1